000 00471cam a2200181 a 4500
020 _a0201770512 (US)
020 _a0273655493 (UK)
040 _cDLC
082 0 0 _a338 ADD 2003 A077 Co.
100 1 _aTodaro, Michael P.
245 1 0 _aEconomic development /
250 _a8th ed.
260 _aBoston :
_bAddison Wesley,
_cc2003.
300 _axxvii, 829 p. :
_bill., maps ;
_c24 cm.
650 0 _aEconomic development.
700 1 _aSmith, Stephen C.,
942 _cEK
999 _c15385
_d15385